| 000 | 00674naa a2200217 i 4500 | ||
|---|---|---|---|
| 001 | 81053 | ||
| 003 | ES-MaBCM | ||
| 005 | 20241016120829.0 | ||
| 008 | 020208s2001 esp 000 0 spa d | ||
| 021 | _axx | ||
| 035 | _a(OCoLC)1365270590 | ||
| 040 | _cES-MaBCM | ||
| 041 | 0 | _aspa | |
| 043 | _aesp | ||
| 100 | 1 |
_aSánchez Peinado, Esther _942221 |
|
| 245 | 1 | 0 |
_aInternacionalización de la banca española _b: evolución y resultado en los años noventa _cEsther Sánchez Peinado |
| 650 | 2 | 7 |
_aBanca _957691 |
| 651 | 2 | 4 |
_aEspaña _9115342 |
| 773 | 0 |
_aEn: _tInformación comercial española _dMadrid : 2001 _gn. 794, oct., p. 137-162. - Loc. S.30 _w104445 |
|
| 942 | _cAREV | ||
| 999 |
_c81053 _d81053 |
||